| 000 | 00652nam a2200193Ia 4500 | ||
|---|---|---|---|
| 003 | GCL | ||
| 008 | 140319s9999 xx 000 0 ara d | ||
| 040 |
_aGCL / _cGCL |
||
| 082 | 0 | 4 |
_a219.1 _bم ح |
| 100 | 1 | _aمحمد بن احمد بن اسماعيل | |
| 245 | 1 | 0 |
_aالحجاب لماذا / _cمحمد بن احمد بن اسماعيل |
| 260 |
_a[S.N] : _bمكتبة الامام البخارى |
||
| 490 |
_aسلسلة الرسائل التوجيهيه _v0 |
||
| 650 | 0 | 4 | _aفقه اسلامى |
| 650 | 0 | 4 | _aالنساء فى الاسلام |
| 650 | 0 | 4 | _aحجاب المراة |
| 650 | 0 | 4 | _aالمرأة فى الاسلام |
| 942 |
_2ddc _cBK |
||
| 999 |
_c54073 _d54073 |
||